Anales del Reino de Navarra / (Record no. 160212)

MARC details
000 -LEADER
campo de control de longitud fija 01402nam a22002655i 4500
001 - NÚMERO DE CONTROL
campo de control 160212
003 - IDENTIFICADOR DE NÚMERO DE CONTROL
campo de control ES-MaACL
005 - FECHA Y HORA DE LA ÚLTIMA TRANSACCIÓN
campo de control 20230906211952.0
008 - DATOS DE LONGITUD FIJA--INFORMACIÓN GENERAL
campo de control de longitud fija 940202m18901892sp a |||| | spa d
040 ## - FUENTE DE CATALOGACIÓN
Centro catalogador/agencia de origen AR
Lengua de catalogación spa
100 0# - ENTRADA PRINCIPAL--NOMBRE DE PERSONA
Nombre de persona Moret, José de.
9 (RLIN) 83472
245 10 - MENCIÓN DEL TÍTULO
Título Anales del Reino de Navarra /
Mención de responsabilidad, etc. compuesto por José de Moret.
260 ## - PUBLICACIÓN, DISTRIBUCIÓN, ETC.
Lugar de publicación, distribución, etc. Tolosa :
Nombre del editor, distribuidor, etc. Estab. Tip. y Casa editorial de Eusebio López,
Fecha de publicación, distribución, etc. 1890-1892.
300 ## - DESCRIPCIÓN FÍSICA
Extensión 12 v., [1] h. de lám. :
Otras características físicas il. ;
Dimensiones 24 cm.
505 8# - NOTA DE CONTENIDO CON FORMATO
Nota de contenido con formato Empeños del valor y bizarros desempeños o sitio de Fuenterrabia... libro primero: p. 325-394 del T. XI
594 ## - Nota al título y mención de responsabilidad
Nota al título y mención de responsabilidad Tit., en los t. VIII y IX: "Investigaciones históricas de las antigüedades del Reino de Navarra"
594 ## - Nota al título y mención de responsabilidad
Nota al título y mención de responsabilidad Tit. en los t. X y XI: "Congresiones apologéticas sobre la verdad de las investigaciones históricas de las antigüedades del Reino de Navarra"
594 ## - Nota al título y mención de responsabilidad
Nota al título y mención de responsabilidad Tit. en el t. XII: "Anales del Reino de Navarra. Continuación del sitio de Fuenterrabía"
596 ## - NOTA AL PIE DE IMPRENTA
NOTA AL PIE DE IMPRENTA Marca de ed.: "F. Jorga", al v. de la port.
597 ## - NOTA DE DESCRIPCIÓN FÍSICA
NOTA DE DESCRIPCIÓN FÍSICA Port. con esc. xil. de Navarra.
599 ## - NOTA A LAS ILUSTRACIONES
NOTA A LAS ILUSTRACIONES Front. Litogr.: "Thomas sc., J. Mounser", con el esc. de Navarra y los de las ciudades principales del Reino.
599 ## - NOTA A LAS ILUSTRACIONES
NOTA A LAS ILUSTRACIONES Il., algunas firmadas por: "Thomas su. J. Mounies" y "Mass"
651 #4 - PUNTO DE ACCESO ADICIONAL DE MATERIA--NOMBRE GEOGRÁFICO
Nombre geográfico Navarra (Reino)-
Subdivisión general Historia.
9 (RLIN) 9115
852 ## - LOCALIZACIÓN
Ubicación ES-MaACL
Número de control de estantería F-2224-29
Nota libre -- Enc. tela
-- -- 12 t. en 6 v.
Holdings
Estatus retirado Estado de pérdida Estado de daño No para préstamo Colección Biblioteca de origen Biblioteca actual Ubicación en estantería Fecha de adquisición Total de préstamos Signatura topográfica completa Código de barras Visto por última vez Precio de reemplazo Tipo de ítem Koha
        Libros del s. XIX Biblioteca del Ateneo de Madrid Biblioteca del Ateneo de Madrid Depósito 2 17/01/2008   F-2224-29 1167742 23/02/2023 23/02/2023 Libro impreso antiguo